Analýza plemien hospodárskych zvierat z hľadiska efektívnej veľkosti ich populácií

Bibliographic Details
Main Authors: Oravcová, Marta Ing (Author), Hetényi, Ladislav, 1951- (Author), Huba, Ján (Author), Peškovičová, Dana (Author), Bulla, J. (Author), Kadlečík, Ondrej, 1948- (Author)
Format: Article
Language:Slovak
PhysicalDescription:Tab.
ISSN:1335-258X
Subjects:

MARC

LEADER 00000nab a2200000 a 4500
001 vtls008985418
003 SK-MaSNL
005 20260304135056.0
008 250505c2006 xo |||||||||||000 b|slo
015 |a SNBRB2007/05  |2 snkbucl 
035 |a (uuid)47f78631-96ce-48f2-b18d-29fb90cc23e4 
035 |a urn:nbn:sk:snk-ab2dla 
035 |a (urnnbn)urn:nbn:sk:snk:ar-a027kv 
038 |a SNKBUCL 
040 |a SNKBUCL  |b slo  |c SNKBUCL  |e AACR2 
041 0 |a slo  |b eng 
044 |a xo  |c SK 
080 |a 636.082.2  |2 1997 
245 0 0 |a Analýza plemien hospodárskych zvierat z hľadiska efektívnej veľkosti ich populácií  |c M. Oravcová ... [et al.] 
246 3 1 |a Analyse of farm animals breeds from the view of effective size of population 
300 |b Tab. 
504 |a Bibliogr. odkazy 
546 |a Res. angl. 
650 0 7 |a hospodárske zvieratá  |2 snkbucl  |9 1097 
650 0 7 |a živočíšne populácie  |2 snkbucl  |9 70903 
650 0 7 |a plemená zvierat  |2 snkbucl  |9 4381 
650 0 7 |a genetické zdroje  |2 snkbucl  |9 70342 
700 1 |a Oravcová, Marta  |c Ing.  |4 aut  |9 75628 
700 1 |a Hetényi, Ladislav,  |d 1951-  |4 aut  |9 23168 
700 1 |a Huba, Ján  |4 aut  |9 12201 
700 1 |a Peškovičová, Dana  |4 aut  |9 12858 
700 1 |a Bulla, J.  |4 aut  |9 772895 
700 1 |a Kadlečík, Ondrej,  |d 1948-  |4 aut  |9 113490 
773 0 |t Acta fytotechnica et zootechnica : výber príspevkov z medzinárodnej vedeckej konferencie XXII. Dni genetiky konanej 12.-14. septembra 2006  |g Roč. 9, mimoriadne číslo (2006), s. 156-159  |x 1335-258X 
850 |a Slovenská národná knižnica 
852 |a Slovenská národná knižnica 
954 |a odborná, vedecká literatúra pôvodná (slovenská)  |2 lita 
958 |a article27 
958 |a NB 
958 |a OND 
958 |a EUIPO 
999 |c 2909321  |d 2911251